00434nam a22001577a 450000500170000001000150001702000260003203500140005803700130007208200060008510000170009124500410010826000380014927000670018730000220025420190528162232.0 aENG-125343 a9789382536390c225.00 aEN-108875 bDBAD/PUB aN aPant, Monika aCaught in two winds/cby Monika Pant aNew DelhibLiFi Publicationc2014 a211,2nd Floor, Gagandeep 12,Rajendra Place,bNew Delhie110008v axi230p.c20cm(pb)